000 00333nam a2200133Ia 4500
008 231017s9999 xx 000 0 und d
082 _a625.85
082 _bBAL
245 0 _aDetermining the Causes of Top - Down Cracks in Bituminous Pavements - Aug 2003
245 0 _cMIDOT
260 _bMIDOT
300 _c30cm
942 _cREP
999 _c604685
_d604685